000 00727nam a22002297a 4500
999 _c11852
_d11852
003 AR-CdUCM
008 190405b ||||| |||| 00| 0 spa d
040 _aMUNICIPALIDAD PROVINCIAL DEL CUSCO
_cBIBLIOTECA MUNICIPAL DEL CUSCO
082 _a869.58 /
_bG62 / 1929
100 _aGómez Cornejo, Carlos
_929420
245 _aBarajas /
260 _aLa Paz :
_bTall. Gráf. Mundial,
_c1929.
300 _a45 páginas ;
_c13 cm.
_bretrato,
505 _aContenido: Poesía.
650 _aPoesías Peruanas
_914867
650 _aSiglo XX
_98
650 _aLiteratura
_983
700 _aGastelú, Crespo (retrato)
_929421
700 _aIturri Jurado, Pablo (carátula)
_929422
942 _2ddc
_cLIBROS
945 _aachl
_d2019-04-05